000 00400cam a2200169ua 4500
020 _c$47.50
041 _aeng
_h
082 _a581.542
_bGRA/PL
100 _aGrace, J .
245 _aPlant response to wind /
_cJ.Grace.
_hTextual Documents
260 _aNew York :
_bAcademic Press ,
_c1977.
300 _a204 ; .
365 _a$47.50
504 _a
942 _cBK
999 _c7502
_d7502